Statistics for Famous Bulgarians

Click here to take the quiz!

General Stats

  • This quiz has been taken 9 times
  • The average score is 2 of 6

Answer Stats

HintAnswer% Correct
Tennis PlayerGrigor Dimitrov
89%
Football PlayerDimitar Berbatov
89%
ActressNina Dobrev
22%
ArtistChristo Javacheff
0%
ArtistJules Pascin
0%
SingerSilvie Vartan
0%

Score Distribution

Percentile by Number Answered

Percent of People with Each Score

Your Score History

You have not taken this quiz